[Event "Gran Canaria Santana Memorial 5th"]
[Site "Gran Canaria"]
[Date "2017.02.10"]
[Round "3"]
[White "Perez Bolanos, David"]
[Black "Martin Fernandez, Santiago"]
[Result "1/2-1/2"]
[WhiteElo "1420"]
[BlackElo "1807"]
[PlyCount "100"]
[EventDate "2017.02.03"]
[EventType "swiss"]
[EventRounds "7"]
[EventCountry "ESP"]
[SourceTitle "CBM 177 Extra"]
[Source "ChessBase"]
[SourceDate "2017.04.27"]
[SourceVersion "1"]
[SourceVersionDate "2017.04.27"]
[SourceQuality "1"]

1. d4 Nf6 2. c4 e6 3. Nf3 Bb4+ 4. Bd2 a5 5. a3 Bxd2+ 6. Nbxd2 0-0 7. e4 d5 8. e5 Ne4 9. cxd5 exd5 10. Bd3 Nc6 11. Nxe4 dxe4 12. Bxe4 Bg4 13. Bxc6 bxc6 14. Rc1 Qd5 15. 0-0 Rfd8 16. Rc5 Qe4 17. Re1 Qf4 18. Rxc6 Bxf3 19. Qxf3 Qxf3 20. gxf3 Rxd4 21. Rxc7 g6 22. e6 fxe6 23. Rxe6 Rd2 24. Ree7 Rxb2 25. Rxh7 Rd8 26. Rcg7+ Kf8 27. Rxg6 Rd1+ 28. Kg2 Rdd2 29. Ra6 Rxf2+ 30. Kg3 Rg2+ 31. Kf4 Kg8 32. Rc7 Rb8 33. h4 Rf8+ 34. Ke4 Re8+ 35. Kd5 Rd2+ 36. Kc6 Rc2+ 37. Kb7 Rb2+ 38. Ka7 Rb3 39. Rxa5 Rxf3 40. Rg5+ Kf8 41. a4 Rf4 42. a5 Rxh4 43. a6 Rb4 44. Rb7 Ra4 45. Rc5 Rae4 46. Kb6 Ra8 47. a7 Re6+ 48. Rc6 Ree8 49. Rb8 Raxb8+ 50. axb8Q Rxb8+ 1/2-1/2

[Event "Las Palmas Insular-chT Primera-B 1617"]
[Site "Las Palmas"]
[Date "2016.12.17"]
[Round "7.2"]
[White "Alba Santana, Cayetano"]
[Black "Martin Fernandez, Santiago"]
[Result "0-1"]
[WhiteElo "1813"]
[BlackElo "1815"]
[PlyCount "81"]
[EventDate "2016.10.22"]
[EventType "team-tourn"]
[EventRounds "14"]
[EventCountry "ESP"]
[SourceTitle "EXT 2018"]
[Source "ChessBase"]
[SourceDate "2017.10.13"]
[SourceVersion "1"]
[SourceVersionDate "2017.10.13"]
[SourceQuality "1"]
[WhiteTeam "Grandama II"]
[BlackTeam "Hotel Avda de Canarias II"]
[WhiteTeamCountry "ESP"]
[BlackTeamCountry "ESP"]

1. e4 c5 2. Nf3 e6 3. d3 Nc6 4. g3 g6 5. Bg2 Bg7 6. 0-0 Nge7 7. Re1 d6 8. Nbd2 Rb8 9. c3 0-0 10. h4 e5 11. Nf1 h6 12. Be3 Be6 13. Qd2 Kh7 14. d4 cxd4 15. cxd4 d5 16. Nxe5 dxe4 17. Nxc6 Nxc6 18. Bxe4 Nxd4 19. Red1 Nc6 20. Qe2 Qa5 21. h5 Bf5 22. hxg6+ fxg6 23. Bxf5 Qxf5 24. Rd2 Ne5 25. Nh2 Rbe8 26. Rad1 h5 27. Rd5 Qf7 28. b3 a6 29. Kg2 Re6 30. Qc2 Nc6 31. Rxh5+ Kg8 32. Rh4 Ne5 33. Rf4 Bf6 34. Qe2 b5 35. Qd2 g5 36. Rd4 Qh5 37. Rd6 Re7 38. Qd5+ Kg7 39. Rh1 Rh8 40. Kg1 g4 41. Qg2 0-1

[Event "Las Palmas Insular-chT Primera-B 1617"]
[Site "Las Palmas"]
[Date "2016.11.19"]
[Round "5.2"]
[White "Medina Suarez, Jose Roman"]
[Black "Martin Fernandez, Santiago"]
[Result "0-1"]
[WhiteElo "1565"]
[BlackElo "1815"]
[PlyCount "72"]
[EventDate "2016.10.22"]
[EventType "team-tourn"]
[EventRounds "14"]
[EventCountry "ESP"]
[SourceTitle "EXT 2018"]
[Source "ChessBase"]
[SourceDate "2017.10.13"]
[SourceVersion "1"]
[SourceVersionDate "2017.10.13"]
[SourceQuality "1"]
[WhiteTeam "Anand III"]
[BlackTeam "Hotel Avda de Canarias II"]
[WhiteTeamCountry "ESP"]
[BlackTeamCountry "ESP"]

1. e4 c5 2. Bc4 e6 3. Nc3 a6 4. a3 Qc7 5. d3 Nf6 6. Nge2 b5 7. Ba2 Bb7 8. Bf4 d6 9. Ng3 Nbd7 10. Nh5 Nxh5 11. Qxh5 Nf6 12. Qg5 h6 13. Qg3 Nh5 14. Qg4 Nxf4 15. Qxf4 Be7 16. Qg4 Bf6 17. f4 b4 18. axb4 cxb4 19. Ne2 Bxb2 20. Rd1 Bc3+ 21. Nxc3 Qxc3+ 22. Ke2 0-0 23. Bb3 a5 24. Ba4 Bc6 25. Bxc6 Qxc2+ 26. Rd2 Qxc6 27. f5 exf5 28. Qxf5 b3 29. Rb2 a4 30. Rhb1 a3 31. Rxb3 Qc2+ 32. Ke3 a2 33. R1b2 Qxb2 34. Rxb2 a1Q 35. Rf2 Ra2 36. g4 Qe1+ 0-1

[Event "Las Palmas Insular-chT Primera-B 1617"]
[Site "Las Palmas"]
[Date "2016.10.22"]
[Round "1.2"]
[White "Martin Fernandez, Santiago"]
[Black "Jerez Lopez, Juan Ramon"]
[Result "1-0"]
[WhiteElo "1815"]
[BlackElo "1898"]
[PlyCount "89"]
[EventDate "2016.10.22"]
[EventType "team-tourn"]
[EventRounds "14"]
[EventCountry "ESP"]
[SourceTitle "EXT 2018"]
[Source "ChessBase"]
[SourceDate "2017.10.13"]
[SourceVersion "1"]
[SourceVersionDate "2017.10.13"]
[SourceQuality "1"]
[WhiteTeam "Hotel Avda de Canarias II"]
[BlackTeam "Drago de Sataute Centro Goya III"]
[WhiteTeamCountry "ESP"]
[BlackTeamCountry "ESP"]

1. c4 Nf6 2. Nc3 g6 3. g3 Bg7 4. Bg2 0-0 5. d4 c5 6. Nf3 cxd4 7. Nxd4 Nc6 8. 0-0 Qb6 9. Nb3 d6 10. Be3 Qd8 11. h3 Ne5 12. Nd2 Be6 13. Qa4 Qc8 14. Kh2 Nxc4 15. Nxc4 Bxc4 16. Rac1 Ba6 17. Nd5 Qe8 18. Qxe8 Nxe8 19. Nxe7+ Kh8 20. Rc2 Nf6 21. Rfc1 Rfe8 22. Nd5 Nxd5 23. Bxd5 Kg8 24. b4 Rad8 25. a4 Re5 26. Rc8 Rf8 27. Rxf8+ Bxf8 28. Bf3 b5 29. a5 Re7 30. Bf4 Rd7 31. Bd5 Kg7 32. e4 h6 33. Be3 Be7 34. Kg2 f5 35. exf5 gxf5 36. Be6 Rd8 37. Bxf5 Kf6 38. Bg4 d5 39. Rc6+ Rd6 40. Rc7 d4 41. Bxh6 d3 42. Bf4 Bd8 43. Bxd6 Bxc7 44. Bxc7 Bb7+ 45. Kf1 1-0

[Event "Girona-ch"]
[Site "Blanes"]
[Date "2015.??.??"]
[Round "1"]
[White "Blasco Vidal, Joan"]
[Black "Martin Fernandez, Santiago"]
[Result "0-1"]
[WhiteElo "1813"]
[BlackElo "2004"]
[PlyCount "50"]
[EventDate "2015.09.27"]
[EventType "swiss"]
[EventRounds "9"]
[EventCountry "ESP"]
[SourceTitle "EXT 2017"]
[Source "ChessBase"]
[SourceDate "2016.10.25"]
[SourceVersion "1"]
[SourceVersionDate "2016.10.25"]
[SourceQuality "1"]

1. e4 c5 2. Nf3 e6 3. d4 cxd4 4. Nxd4 a6 5. Be2 Nf6 6. f3 Qc7 7. Bg5 Be7 8. Bh4 Nc6 9. c3 Qb6 10. Qb3 Qxb3 11. Nxb3 b5 12. N1d2 Bb7 13. f4 Nxe4 14. Bxe7 Nxe7 15. Bf3 Nd6 16. 0-0-0 Bxf3 17. Nxf3 Nb7 18. Rhe1 d6 19. g4 0-0 20. f5 e5 21. Nxe5 dxe5 22. Rd7 Nxf5 23. Rxb7 Nd6 24. Rb6 Nc4 25. Nc5 Nxb6 0-1

[Event "Santa Eugenia op 10th"]
[Site "Santa Eugenia"]
[Date "2015.??.??"]
[Round "5"]
[White "Carrasco Holgado, David"]
[Black "Martin Fernandez, Santiago"]
[Result "1/2-1/2"]
[WhiteElo "2250"]
[BlackElo "1947"]
[PlyCount "55"]
[EventDate "2015.04.17"]
[EventType "swiss"]
[EventRounds "9"]
[EventCountry "ESP"]
[SourceTitle "EXT 2016"]
[Source "ChessBase"]
[SourceDate "2015.10.08"]
[SourceVersion "1"]
[SourceVersionDate "2015.10.08"]
[SourceQuality "1"]

1. e4 c5 2. c3 Nf6 3. e5 Nd5 4. d4 cxd4 5. Nf3 Nc6 6. Bc4 Nb6 7. Bb3 d5 8. exd6 Qxd6 9. 0-0 Be6 10. Bxe6 Qxe6 11. Nxd4 Nxd4 12. cxd4 Rd8 13. Nc3 Qd7 14. Be3 e6 15. Qf3 Nd5 16. Ne4 b6 17. Rac1 Bd6 18. Nxd6+ Qxd6 19. Qg4 Nxe3 20. fxe3 0-0 21. Qe4 f5 22. Qd3 e5 23. Rxf5 Rxf5 24. Qxf5 exd4 25. exd4 Qxd4+ 26. Qf2 Qd1+ 27. Qf1 Qd4+ 28. Qf2 1/2-1/2

[Event "Girona-ch"]
[Site "Blanes"]
[Date "2015.??.??"]
[Round "7"]
[White "Gallart Vila, Joan"]
[Black "Martin Fernandez, Santiago"]
[Result "0-1"]
[WhiteElo "1949"]
[BlackElo "2004"]
[PlyCount "58"]
[EventDate "2015.09.27"]
[EventType "swiss"]
[EventRounds "9"]
[EventCountry "ESP"]
[SourceTitle "EXT 2017"]
[Source "ChessBase"]
[SourceDate "2016.10.25"]
[SourceVersion "1"]
[SourceVersionDate "2016.10.25"]
[SourceQuality "1"]

1. e4 c5 2. Nf3 e6 3. d4 cxd4 4. Nxd4 a6 5. Nc3 Qc7 6. Qf3 Nc6 7. Be3 Nf6 8. Be2 b5 9. Nxc6 dxc6 10. Bg5 Be7 11. Bf4 e5 12. Bg5 b4 13. Na4 c5 14. Qe3 Bb7 15. 0-0-0 0-0 16. Bxf6 gxf6 17. Bg4 Bc8 18. h3 Kh8 19. Rdf1 Rg8 20. b3 f5 21. exf5 Bg5 22. f4 exf4 23. Qf2 f3+ 24. Kb1 fxg2 25. Qxg2 Bb7 26. Bf3 Bf6 27. Qf2 Qe5 28. Kc1 Qa1+ 29. Kd2 Rad8+ 0-1

[Event "Girona-ch"]
[Site "Blanes"]
[Date "2015.??.??"]
[Round "2"]
[White "Martin Fernandez, Santiago"]
[Black "Mas Cazorla, Josep"]
[Result "1-0"]
[WhiteElo "2004"]
[BlackElo "1599"]
[PlyCount "72"]
[EventDate "2015.09.27"]
[EventType "swiss"]
[EventRounds "9"]
[EventCountry "ESP"]
[SourceTitle "EXT 2017"]
[Source "ChessBase"]
[SourceDate "2016.10.25"]
[SourceVersion "1"]
[SourceVersionDate "2016.10.25"]
[SourceQuality "1"]

1. b3 e5 2. Bb2 d6 3. e3 Nf6 4. d4 Nc6 5. Bb5 a6 6. Bxc6+ bxc6 7. dxe5 dxe5 8. Qxd8+ Kxd8 9. Bxe5 Bb7 10. Nf3 Bb4+ 11. Nbd2 h6 12. 0-0-0 Kc8 13. Ne1 Rg8 14. Nd3 c5 15. Kb2 Be4 16. Nxb4 cxb4 17. Bxf6 Bxg2 18. Be7 Bxh1 19. Rxh1 Kb7 20. Bxb4 a5 21. Bc3 a4 22. Nc4 axb3 23. cxb3 f6 24. Rg1 Ra6 25. a4 g5 26. Rd1 f5 27. Rd5 f4 28. Be5 Kc6 29. e4 Rga8 30. Bc3 Re8 31. Na5+ Kb6 32. Bd4+ c5 33. Nc4+ Ka7 34. Bxc5+ Kb7 35. Nd6+ Rxd6 36. Rxd6 Rxe4 1-0

[Event "Girona op 1st"]
[Site "Girona"]
[Date "2010.07.21"]
[Round "9"]
[White "Martin Fernandez, Santiago"]
[Black "Tarrus Galter, Narcis"]
[Result "0-1"]
[WhiteElo "1918"]
[BlackElo "1946"]
[PlyCount "42"]
[EventDate "2010.07.13"]
[EventType "swiss"]
[EventRounds "9"]
[EventCountry "ESP"]
[SourceTitle "CBM 137 Extra"]
[Source "ChessBase"]
[SourceDate "2010.09.01"]
[SourceVersion "1"]
[SourceVersionDate "2010.09.01"]
[SourceQuality "1"]

1. c4 e5 2. Nc3 Bb4 3. Qc2 Nc6 4. e3 Nf6 5. Nd5 Be7 6. Nxe7 Qxe7 7. d3 0-0 8. Nf3 d6 9. Bd2 a5 10. Be2 Bg4 11. h3 Bd7 12. 0-0 h6 13. Bc3 Nh7 14. a3 a4 15. b4 axb3 16. Qxb3 b6 17. Qb2 f5 18. Rfe1 Rae8 19. Bd1 Ng5 20. Qc2 Nd8 21. Nxg5 Qxg5 0-1

[Event "Girona op 1st"]
[Site "Girona"]
[Date "2010.07.20"]
[Round "8"]
[White "Boada Marti, David"]
[Black "Martin Fernandez, Santiago"]
[Result "0-1"]
[WhiteElo "1707"]
[BlackElo "1918"]
[PlyCount "47"]
[EventDate "2010.07.13"]
[EventType "swiss"]
[EventRounds "9"]
[EventCountry "ESP"]
[SourceTitle "CBM 137 Extra"]
[Source "ChessBase"]
[SourceDate "2010.09.01"]
[SourceVersion "1"]
[SourceVersionDate "2010.09.01"]
[SourceQuality "1"]

1. Nf3 Nf6 2. c4 c5 3. Nc3 g6 4. g3 Bg7 5. Bg2 0-0 6. d4 cxd4 7. Qxd4 Nc6 8. Qh4 Qa5 9. 0-0 Qh5 10. Rb1 d6 11. Qxh5 Nxh5 12. b3 Bxc3 13. Bh6 Bg7 14. Be3 Bf5 15. Rbd1 Nf6 16. Nh4 Be6 17. f4 Ng4 18. Bd2 Bd4+ 19. Kh1 Nf2+ 20. Rxf2 Bxf2 21. e3 g5 22. Bxc6 gxh4 23. Bxb7 Bg4 24. Rf1 0-1

[Event "Girona op 1st"]
[Site "Girona"]
[Date "2010.07.16"]
[Round "4"]
[White "Puigvert Vigo, Lluis"]
[Black "Martin Fernandez, Santiago"]
[Result "0-1"]
[WhiteElo "1493"]
[BlackElo "1918"]
[PlyCount "49"]
[EventDate "2010.07.13"]
[EventType "swiss"]
[EventRounds "9"]
[EventCountry "ESP"]
[SourceTitle "CBM 137 Extra"]
[Source "ChessBase"]
[SourceDate "2010.09.01"]
[SourceVersion "1"]
[SourceVersionDate "2010.09.01"]
[SourceQuality "1"]

1. e4 c5 2. Nf3 e6 3. d4 cxd4 4. Nxd4 a6 5. Nc3 Qc7 6. Bd3 Bb4 7. Bd2 Nf6 8. 0-0 Nc6 9. Nde2 0-0 10. f4 b5 11. Ng3 Bc5+ 12. Kh1 d6 13. Nh5 Qe7 14. e5 Nxh5 15. Bxh7+ Kxh7 16. Qxh5+ Kg8 17. Rf3 f5 18. Rh3 Ra7 19. Qg6 Qe8 20. Qh7+ Kf7 21. Qh5+ Ke7 22. exd6+ Bxd6 23. Qh4+ Kd7 24. Qf2 Kc7 25. Ne2 0-1